000 00559nam a2200205Ia 4500
005 20250923145659.0
008 008 250917s9999 xx 000 0 eng d
037 _aTextual
040 _aDSWL
_beng
_cDSWL
041 _aeng
_2eng
084 _aY2217.42, N81
_qDSWL
100 _aHendry, J.
_9837872
245 0 _aMarriage in changing Japan
_c by J. Hendry
260 _aLondon
_bCroom Helm
_c1981
300 _a274 p.
365 _aGBP
_b16.95
925 _g16.95
942 _cTEXL
_hY2217.42, N81
999 _c1454279
_d1454279